| 000 | 01241nam a22002417a 4500 | ||
|---|---|---|---|
| 005 | 20121010141910.0 | ||
| 008 | 121010t xxu||||| |||| 00| 0 mar d | ||
| 010 | _aMAR-22719 | ||
| 020 |
_c200.00 _a9789380361789 |
||
| 035 | _aMR-15377 | ||
| 037 | _bDBAD/PUB | ||
| 040 |
_aDPL _bMR |
||
| 082 | _a649.1 | ||
| 100 |
_953016 _aशर्मा, उमेश |
||
| 245 |
_aसुजाण संगोपन : _cउमेश शर्मा ; अरूण मांडे द्वारा अनुवादित _bउमलणारया मुलांच्या सर्वांगीण विकासासाठी... / |
||
| 246 |
_aSujjaan Sangopan _bby Umesh Sharma |
||
| 260 |
_aपुणे _bरोहन प्रकशन _c2012 |
||
| 270 |
_bपुणे _e411030 _a'धवलगिरी'शॉप 5 व 6 430,शनिवार पेठ, _k020-24480686 |
||
| 300 |
_a256पृ. _c21सेमी(अजिल्द) |
||
| 700 |
_aमांडे, अरूण _953355 |
||
| 942 |
_2ddc _cMR _mशर्माउ _h649.1 |
||
| 999 |
_c71100 _d71100 |
||